| 000 | 00355nam a22001457a 4500 | ||
|---|---|---|---|
| 008 | 250314b |||||||| |||| 00| 0 eng d | ||
| 020 | _a9780323810364 | ||
| 050 |
_aRT41 _b.O24 |
||
| 100 | _aOchs Geralyn | ||
| 245 | _aStudy Guide for Fundamentals of Nursing | ||
| 250 | _a11th | ||
| 260 |
_aMissouri _bElsevier _c2023 |
||
| 300 | _aviii,382p | ||
| 942 | _cBK | ||
| 999 |
_c2328 _d2328 |
||